Elementary mathematical models : (Record no. 8533)

MARC details
000 -LEADER
fixed length control field 01227cam a2200325 a 4500
001 - CONTROL NUMBER
control field 2601315
003 - CONTROL NUMBER IDENTIFIER
control field OSt
005 - DATE AND TIME OF LATEST TRANSACTION
control field 20240617113402.0
008 - FIXED-LENGTH DATA ELEMENTS--GENERAL INFORMATION
fixed length control field 971203s1997 dcua 001 0 eng d
010 ## - LIBRARY OF CONGRESS CONTROL NUMBER
LC control number 97074331
020 ## - INTERNATIONAL STANDARD BOOK NUMBER
International Standard Book Number 0883857073
035 ## - SYSTEM CONTROL NUMBER
System control number (OCoLC)38069660
040 ## - CATALOGING SOURCE
Original cataloging agency NCH
Transcribing agency MUST
Modifying agency DLC
-- WaU
042 ## - AUTHENTICATION CODE
Authentication code lccopycat
082 00 - DEWEY DECIMAL CLASSIFICATION NUMBER
Classification number 510
Item number KAL 1997
100 1# - MAIN ENTRY--PERSONAL NAME
Personal name Kalman, Dan.
9 (RLIN) 17326
245 10 - TITLE STATEMENT
Title Elementary mathematical models :
Remainder of title order aplenty and a glimpse of chaos /
Statement of responsibility, etc. Dan Kalman.
260 ## - PUBLICATION, DISTRIBUTION, ETC. (IMPRINT)
Place of publication, distribution, etc. [Washington, DC] :
Name of publisher, distributor, etc. Mathematical Association of America,
Date of publication, distribution, etc. 1997.
300 ## - PHYSICAL DESCRIPTION
Extent xvi, 345 p. :
Other physical details ill. ;
Dimensions 26 cm.
490 1# - SERIES STATEMENT
Series statement Classroom resource materials
500 ## - GENERAL NOTE
General note Includes index.
650 #0 - SUBJECT ADDED ENTRY--TOPICAL TERM
Topical term or geographic name as entry element Mathematical models.
9 (RLIN) 2809
650 #0 - SUBJECT ADDED ENTRY--TOPICAL TERM
Topical term or geographic name as entry element Mathematical analysis.
9 (RLIN) 2757
830 #0 - SERIES ADDED ENTRY--UNIFORM TITLE
Uniform title Classroom resource materials (Unnumbered)
9 (RLIN) 17327
856 42 - ELECTRONIC LOCATION AND ACCESS
Materials specified Publisher description
Uniform Resource Identifier http://www.loc.gov/catdir/description/cam029/97074331.html
856 41 - ELECTRONIC LOCATION AND ACCESS
Materials specified Table of contents
Uniform Resource Identifier http://www.loc.gov/catdir/toc/cam027/97074331.html
906 ## - LOCAL DATA ELEMENT F, LDF (RLIN)
a 7
b cbc
c copycat
d 2
e opcn
f 19
g y-gencatlg
942 ## - ADDED ENTRY ELEMENTS (KOHA)
Source of classification or shelving scheme Dewey Decimal Classification
Koha item type Open Shelf
Holdings
Withdrawn status Lost status Source of classification or shelving scheme Damaged status Not for loan Home library Current library Date acquired Source of acquisition Inventory number Total Checkouts Full call number Barcode Date last seen Price effective from Koha item type
    Dewey Decimal Classification     MUST Main Library MUST Main Library 17/06/2024 Donation 2003/20462   510 KAL 1997 2024-20633 17/06/2024 17/06/2024 Open Shelf